[Event "Kaluga Tsiolkovsky Memorial op"]
[Site "Kaluga"]
[Date "2016.08.14"]
[Round "8"]
[White "Gagloshvili, Anatoly"]
[Black "Chaykina, Svetlana"]
[Result "0-1"]
[WhiteElo "1946"]
[BlackElo "1796"]
[PlyCount "80"]
[EventDate "2016.08.06"]
[EventType "swiss"]
[EventRounds "9"]
[EventCountry "RUS"]
[SourceTitle "CBM 174 Extra"]
[Source "ChessBase"]
[SourceDate "2016.10.10"]
[SourceVersion "1"]
[SourceVersionDate "2016.10.10"]
[SourceQuality "1"]

1. e4 e5 2. Nf3 Nc6 3. Nc3 Nf6 4. Bb5 Bb4 5. 0-0 0-0 6. d3 Bxc3 7. bxc3 d6 8. Bg5 h6 9. Bc1 Bg4 10. h3 Bh5 11. Qe2 a6 12. Bc4 Na5 13. Bb3 Nxb3 14. axb3 Re8 15. g4 Bg6 16. g5 hxg5 17. Bxg5 Qd7 18. Kh2 Kh7 19. Bxf6 gxf6 20. Nh4 Rh8 21. Nxg6 fxg6 22. Rg1 Kg7 23. Rg3 Rh6 24. Qe3 Rah8 25. Rh1 Kf7 26. Kg2 g5 27. d4 Rh4 28. Rd1 exd4 29. Rxd4 Qe6 30. Rf3 g4 31. hxg4 Qxg4+ 32. Kf1 Rh1+ 33. Ke2 R8h3 34. Rd3 Qg1 35. Qd2 Qf1+ 36. Ke3 Rxf3+ 37. Kxf3 Rh3+ 38. Kg4 Qg2+ 39. Kf5 Qg6+ 40. Kf4 Qg5# 0-1

[Event "Kaluga Tsiolkovsky Memorial op"]
[Site "Kaluga"]
[Date "2016.08.09"]
[Round "4"]
[White "Gagloshvili, Anatoly"]
[Black "Zaitsev, Aleksey Vik"]
[Result "0-1"]
[WhiteElo "1946"]
[BlackElo "1832"]
[PlyCount "54"]
[EventDate "2016.08.06"]
[EventType "swiss"]
[EventRounds "9"]
[EventCountry "RUS"]
[SourceTitle "CBM 174 Extra"]
[Source "ChessBase"]
[SourceDate "2016.10.10"]
[SourceVersion "1"]
[SourceVersionDate "2016.10.10"]
[SourceQuality "1"]

1. d4 Nf6 2. Nf3 g6 3. Bf4 d6 4. e3 Bg7 5. h3 0-0 6. Nbd2 c5 7. c3 Bf5 8. g4 Bd7 9. Bg2 Bc6 10. 0-0 Ne8 11. dxc5 dxc5 12. Qe2 Nd6 13. e4 f5 14. gxf5 gxf5 15. e5 Ne4 16. Rfd1 Qb6 17. Nb3 Na6 18. Kh2 Kh8 19. Qe3 Nc7 20. Ne1 Ne6 21. f3 Nxf4 22. fxe4 Nxg2 23. Nxg2 Bxe5+ 24. Kg1 Bxe4 25. Qxc5 Qf6 26. Qe3 Rg8 27. Rd2 Rg3 0-1